| 000 | 01750cam a22003494a 4500 | ||
|---|---|---|---|
| 999 |
_c7388 _d7388 |
||
| 001 | 17246842 | ||
| 003 | OSt | ||
| 005 | 20211026093002.0 | ||
| 008 | 120406s2012 nyua b 001 0 eng c | ||
| 010 | _a 2012014403 | ||
| 020 | _a9780801451331 (cloth : alk. paper) | ||
| 020 | _a9780801478024 (pbk. : alk. paper) | ||
| 020 | _z9780801466106 (ebook) | ||
| 040 |
_aNIC/DLC _cDDC |
||
| 042 | _apcc | ||
| 043 | _ad------ | ||
| 050 | 0 | 0 |
_aS494.5.I5 _bC663 2012 |
| 082 | 0 | 0 | _a943.9CON 2012 |
| 100 | 1 |
_aConway, Gordon.; _915128 |
|
| 245 | 1 | 0 |
_aOne billion hungry. _bCan we feed the world? _cEdited by Conway,Gordon and Wilson,Katy; foreword by Shah,Rajiv; |
| 260 |
_aLondon. _bComstock Pub. Associates, _c2012. |
||
| 300 |
_axvii,439p; _bill.(some col.) ; _c24cm. |
||
| 500 | _a"Published with the support of Agriculture for Impact, Imperial College, London." | ||
| 504 | _aIncludes; bibliographical references and index. | ||
| 505 | 0 | _aAcute and chronic crises -- What is hunger? -- The Green Revolution -- The political economy of food security -- A doubly green revolution -- Sustainable intensification -- Appropriate technology -- Creating markets -- Designer crops -- The livestock revolution -- Farmers as innovators -- Controlling pests -- Rooted in the soil -- Sustained by water -- Adapting to climate change -- Reducing greenhouse gases -- Conclusion : can we feed the world?. | |
| 650 | 0 |
_aAgriculture. _94591 |
|
| 700 | 1 |
_aWilson, Katy. _915129 |
|
| 700 | 1 |
_aConway, Gordon. _tDoubly green revolution. _915130 |
|
| 906 |
_a7 _bcbc _corignew _d1 _eecip _f20 _gy-gencatlg |
||
| 942 |
_2ddc _cO_SHELF |
||